[Event "SR 1. liga zapad 2015/2016"]
[Site "?"]
[Date "2015.11.14"]
[Round "3.2"]
[White "Ruckschloss, Karol"]
[Black "Cajka, Tibor"]
[Result "1-0"]
[WhiteElo "2272"]
[BlackElo "2114"]
[PlyCount "111"]
[EventDate "2015.??.??"]

1. c4 Nf6 2. d4 c5 3. Nf3 g6 4. Nc3 cxd4 5. Nxd4 Bg7 6. g3 O-O 7. Bg2 Nc6 8.
O-O Qb6 9. e3 d6 10. b3 Rd8 11. Bb2 a6 12. Rc1 Nxd4 13. exd4 Bh6 14. Rc2 Bg4
15. Bf3 Bxf3 16. Qxf3 d5 17. c5 Qb4 18. Qd3 Bg7 19. Na4 Qb5 20. Rd1 Nd7 21.
Qxb5 axb5 22. Nc3 e5 23. a3 exd4 24. Nxb5 d3 25. Rxd3 Bxb2 26. Rxb2 Nxc5 27.
Rd1 d4 28. b4 Ne6 29. Rbd2 Kg7 30. Nxd4 Nxd4 31. Rxd4 Rxd4 32. Rxd4 Rxa3 33.
Rd7 Ra7 34. b5 Kf6 35. b6 Ra3 36. Rxb7 Rb3 37. Rb8 h5 38. Kg2 Kg5 39. Kh3 Kf6
40. Kg2 Kf5 41. h3 Rb4 42. Kf3 Rb3+ 43. Ke2 Ke4 44. Re8+ Kf5 45. Re7 Kf6 46.
Rb7 h4 47. gxh4 Rxh3 48. Rc7 Rxh4 49. b7 Rb4 50. Kd3 Ke6 51. Kc3 Rb1 52. Kd4 g5
53. Kc5 f5 54. Rc6+ Ke5 55. Rb6 Rc1+ 56. Kb5 1-0

[Event "SR 1. liga zapad 2015/2016"]
[Site "?"]
[Date "2015.11.14"]
[Round "3.3"]
[White "Karas, Marek"]
[Black "Janos, Martin"]
[Result "1/2-1/2"]
[WhiteElo "2263"]
[BlackElo "2259"]
[PlyCount "47"]
[EventDate "2015.??.??"]

1. d4 c5 2. c3 d5 3. Nf3 Nc6 4. Bf4 e6 5. e3 Nf6 6. h3 a6 7. Nbd2 Be7 8. Be2
O-O 9. O-O Re8 10. Qc2 b5 11. a4 b4 12. dxc5 Bb7 13. cxb4 Nxb4 14. Qc3 a5 15.
Bb5 Nc6 16. Ne5 Qc8 17. Nb3 Ne4 18. Qe1 f6 19. Nxc6 Bxc6 20. Bd6 Bxb5 21. axb5
Bxd6 22. cxd6 Nxd6 23. Rxa5 Qc4 24. Nd4 1/2-1/2

[Event "SR 1. liga zapad 2015/2016"]
[Site "?"]
[Date "2015.11.14"]
[Round "3.4"]
[White "Janos, Jozef"]
[Black "Jablonicky, Martin"]
[Result "0-1"]
[WhiteElo "2121"]
[BlackElo "2184"]
[PlyCount "88"]
[EventDate "2015.??.??"]

1. Nf3 Nf6 2. d4 d5 3. Bf4 c6 4. Nbd2 Qb6 5. Qc1 Bf5 6. e3 Nbd7 7. c4 e6 8. c5
Qd8 9. h3 h6 10. b4 Be7 11. Be2 O-O 12. O-O Ne4 13. a4 Bf6 14. Nxe4 dxe4 15.
Ne5 Bxe5 16. dxe5 Qc7 17. Qc3 a5 18. Rab1 axb4 19. Qxb4 Rfb8 20. Qd4 Ra5 21.
Rfc1 Rba8 22. Bd1 Rd8 23. Qb4 Ra7 24. Qc3 Nb8 25. Rb4 Rd3 26. Qb2 Na6 27. Rbc4
Qa5 28. Bc2 Rd5 29. Qb6 Nxc5 30. Qxa5 Rxa5 31. f3 Rd2 32. fxe4 Bg6 33. Bg3 Nd3
34. Rb1 Nxe5 35. Bxe5 Rxe5 36. Rxb7 Rg5 37. g4 h5 38. Rxc6 hxg4 39. Rc8+ Kh7
40. h4 Re5 41. Rbb8 Bxe4 42. Rb5 Rg2+ 43. Kf1 Rxc2 44. Rxe5 Bd3+ 0-1

[Event "SR 1. liga zapad 2015/2016"]
[Site "?"]
[Date "2015.11.14"]
[Round "3.5"]
[White "Jablonicky, Frantisek"]
[Black "Sulek, Viliam"]
[Result "0-1"]
[WhiteElo "2128"]
[BlackElo "2064"]
[PlyCount "66"]
[EventDate "2015.??.??"]

1. Nf3 Nf6 2. d4 g6 3. c4 Bg7 4. Nc3 d5 5. Qb3 dxc4 6. Qxc4 O-O 7. h3 c6 8. e4
b5 9. Qd3 Na6 10. Be2 b4 11. Nd1 c5 12. e5 Nd5 13. Ne3 Nac7 14. dxc5 Ba6 15.
Qe4 Bb7 16. Nxd5 Nxd5 17. Be3 Qc7 18. Bd4 Rad8 19. Qh4 f6 20. exf6 exf6 21. O-O
Kh8 22. Rfd1 Nf4 23. Bf1 g5 24. Qg3 Rfe8 25. Be3 Rxd1 26. Rxd1 Rxe3 27. Nxg5
Rxg3 28. Rd8+ Qxd8 29. Nf7+ Kg8 30. Nxd8 Rxg2+ 31. Bxg2 Bxg2 32. c6 Bxh3 33. c7
Nd5 0-1

[Event "SR 1. liga zapad 2015/2016"]
[Site "?"]
[Date "2015.11.14"]
[Round "3.6"]
[White "Sturc, Jan"]
[Black "Spacek, Oliver"]
[Result "1/2-1/2"]
[WhiteElo "2057"]
[BlackElo "2198"]
[PlyCount "89"]
[EventDate "2015.??.??"]

1. e4 c5 2. Nf3 e6 3. d4 cxd4 4. Nxd4 a6 5. Bd3 Bc5 6. Nb3 Be7 7. O-O d6 8. Be3
Nf6 9. f4 Nbd7 10. a4 b6 11. Nc3 Bb7 12. Qe1 h5 13. h3 Qc7 14. a5 b5 15. Nd2
Nc5 16. Kh1 Rb8 17. Bd4 h4 18. e5 Nh5 19. Rf2 Ng3+ 20. Kh2 Nxd3 21. cxd3 Nf5
22. Bb6 Qd7 23. Nf3 Bxf3 24. Rxf3 dxe5 25. fxe5 Rh6 26. Ne4 Qd5 27. Bc7 Rc8 28.
Nc3 Qd7 29. Bb6 Rg6 30. d4 b4 31. Ne4 Rc2 32. Rf2 Qc6 33. Rxc2 Qxc2 34. Nd2 f6
35. Rc1 Qxb2 36. Rc8+ Kf7 37. d5 fxe5 38. dxe6+ Kxe6 39. Qe2 Bd6 40. Qc4+ Ke7
41. Bd8+ Kd7 42. Qc6+ Ke6 43. Qc4+ Kd7 44. Qc6+ Ke6 45. Qc4+ 1/2-1/2

[Event "SR 1. liga zapad 2015/2016"]
[Site "?"]
[Date "2015.11.14"]
[Round "3.7"]
[White "Bury, Rastislav"]
[Black "Sturc, Gustav"]
[Result "1-0"]
[WhiteElo "2134"]
[BlackElo "2012"]
[PlyCount "55"]
[EventDate "2015.??.??"]

1. Nf3 d5 2. g3 g6 3. Bg2 Bg7 4. O-O e5 5. d3 Ne7 6. c4 dxc4 7. Qa4+ c6 8. Qxc4
Be6 9. Qc2 h6 10. Nc3 Na6 11. Bd2 O-O 12. Rab1 Nb4 13. Qa4 a5 14. a3 Nbd5 15.
Rfd1 b5 16. Qc2 a4 17. Ne4 f5 18. Nc5 Bf7 19. e4 Nb6 20. Bc3 Nd7 21. Bb4 Ra7
22. Qc3 Nxc5 23. Bxc5 Rd7 24. Nxe5 Qc7 25. d4 Bxe5 26. dxe5 Rxd1+ 27. Rxd1 Nc8
28. Bxf8 1-0

[Event "SR 1. liga zapad 2015/2016"]
[Site "?"]
[Date "2015.11.14"]
[Round "3.1"]
[White "Lanc, Alois"]
[Black "Certek, Pavel"]
[Result "1-0"]
[WhiteElo "2302"]
[BlackElo "2302"]
[PlyCount "73"]
[EventDate "2015.??.??"]

1. e4 c5 2. Nf3 Nc6 3. d4 cxd4 4. Nxd4 g6 5. Nc3 Bg7 6. Be3 Nf6 7. Bc4 d6 8. f3
Qb6 9. Bb5 Qc7 10. Nd5 Nxd5 11. exd5 a6 12. Bxc6+ bxc6 13. Nxc6 O-O 14. c3 Bb7
15. Qa4 Bxc6 16. Qxc6 Qxc6 17. dxc6 Rfc8 18. O-O-O Rxc6 19. Kc2 e6 20. Bd4 f6
21. g4 d5 22. Be3 Rac8 23. Rd3 Kf7 24. Rhd1 f5 25. gxf5 gxf5 26. f4 Rc4 27. Bd4
Bh6 28. Rh3 Bxf4 29. Rxh7+ Kg6 30. Rg7+ Kh6 31. Re7 R4c6 32. Re1 Kh5 33. Rh7+
Kg4 34. Rg1+ Kf3 35. Kd3 Bb8 36. Rh3+ Kf4 37. Rhg3 1-0

[Event "SR 1. liga zapad 2015/2016"]
[Site "?"]
[Date "2015.11.14"]
[Round "3.2"]
[White "Dolnak, Michal"]
[Black "Kavon, Rastislav"]
[Result "1/2-1/2"]
[WhiteElo "2220"]
[BlackElo "2183"]
[PlyCount "69"]
[EventDate "2015.??.??"]

1. d4 Nf6 2. c4 g6 3. Nc3 Bg7 4. e4 d6 5. Nf3 O-O 6. Be2 e5 7. O-O Nc6 8. d5
Ne7 9. b4 Nh5 10. Re1 f5 11. Ng5 Nf6 12. Bf3 h6 13. Ne6 Bxe6 14. dxe6 fxe4 15.
Nxe4 Nxe4 16. Rxe4 Rf6 17. Bg4 Nf5 18. b5 Qe8 19. Bb2 Rxe6 20. Qb3 Qf7 21. Rae1
Rae8 22. Qa4 R6e7 23. g3 Kh7 24. Kg2 h5 25. Bd1 Rf8 26. Qxa7 c6 27. Bb3 c5 28.
Qa3 Bh6 29. f4 exf4 30. Rxe7 Nxe7 31. Bc2 Nf5 32. Bxf5 Qxf5 33. Re7+ Rf7 34.
Qc3 Bg7 35. Rxf7 1/2-1/2

[Event "SR 1. liga zapad 2015/2016"]
[Site "?"]
[Date "2015.11.14"]
[Round "3.3"]
[White "Puskar, Peter"]
[Black "Hacik, Radomir"]
[Result "1/2-1/2"]
[WhiteElo "2124"]
[BlackElo "2197"]
[PlyCount "87"]
[EventDate "2015.??.??"]

1. d4 c5 2. e3 Nf6 3. Nf3 e6 4. b3 Nc6 5. Bb2 d5 6. Nbd2 cxd4 7. exd4 Bd6 8.
Be2 O-O 9. O-O Qe7 10. c4 Ba3 11. Bc3 b6 12. Ne5 Bb7 13. Bf3 Rfd8 14. Nxc6 Bxc6
15. Qe2 Rac8 16. Rad1 Bb7 17. Rfe1 Ba6 18. Nb1 Bb4 19. Qb2 dxc4 20. d5 cxb3 21.
dxe6 Rxd1 22. exf7+ Qxf7 23. Rxd1 Bxc3 24. Nxc3 bxa2 25. Nxa2 Bc4 26. Nc3 Qc7
27. Nb5 Bxb5 28. Qxb5 Rd8 29. Re1 Qc3 30. Qb1 Rd2 31. Qf5 Rd6 32. Qb1 Kf8 33.
h3 a5 34. Re3 Qd4 35. g4 h6 36. Qf5 a4 37. h4 Qc5 38. Re5 Qc1+ 39. Kg2 Kf7 40.
g5 g6 41. Bh5 gxh5 42. gxf6 Qc6+ 43. Kh2 Rxf6 44. Qh7+ 1/2-1/2

[Event "SR 1. liga zapad 2015/2016"]
[Site "?"]
[Date "2015.11.14"]
[Round "3.4"]
[White "Kubala, Jan"]
[Black "Szitkey, Milan"]
[Result "1/2-1/2"]
[WhiteElo "2206"]
[BlackElo "2108"]
[PlyCount "20"]
[EventDate "2015.??.??"]

1. e4 e6 2. d3 d5 3. Nd2 Nc6 4. Ngf3 Nf6 5. g3 dxe4 6. dxe4 e5 7. Bg2 Be6 8.
O-O Qd7 9. Qe2 O-O-O 10. c3 Qd3 1/2-1/2

[Event "SR 1. liga zapad 2015/2016"]
[Site "?"]
[Date "2015.11.14"]
[Round "3.5"]
[White "Lukac, Roman"]
[Black "Sosovicka, Juraj"]
[Result "1/2-1/2"]
[WhiteElo "2072"]
[BlackElo "2201"]
[PlyCount "78"]
[EventDate "2015.??.??"]

1. e4 e5 2. Nf3 Nc6 3. Bb5 f5 4. d3 fxe4 5. dxe4 Nf6 6. O-O Bc5 7. Bg5 d6 8.
Nc3 O-O 9. Na4 Bb6 10. c3 Qe8 11. Nxb6 axb6 12. Bxf6 Rxf6 13. Ne1 Be6 14. a3
Qg6 15. Qe2 Na5 16. Rd1 Rf4 17. f3 Qf7 18. Nd3 Rf6 19. Nb4 Bb3 20. Rde1 c6 21.
Bd3 Rh6 22. Nc2 Bxc2 23. Qxc2 b5 24. Qf2 Qh5 25. g3 Nc4 26. Qe2 Rf8 27. Rf2 Nb6
28. Qe3 Na4 29. Qe2 Nc5 30. Bc2 Rhf6 31. Ref1 Kh8 32. Qe3 Ne6 33. Bd1 Ng5 34.
Kh1 Qg6 35. Bc2 Qh5 36. Bd1 Qg6 37. Bc2 h6 38. f4 Nf7 39. f5 Qg5 1/2-1/2

[Event "SR 1. liga zapad 2015/2016"]
[Site "?"]
[Date "2015.11.14"]
[Round "3.6"]
[White "Castiglione, Mario"]
[Black "Drtina, Milan"]
[Result "0-1"]
[WhiteElo "2221"]
[BlackElo "2175"]
[PlyCount "58"]
[EventDate "2015.??.??"]

1. e4 e5 2. f4 exf4 3. Nf3 g5 4. Nc3 Bg7 5. g3 g4 6. Nh4 f3 7. d4 Bf6 8. Bf4 d6
9. Qd2 Nc6 10. Bb5 Bd7 11. e5 dxe5 12. dxe5 Bxh4 13. O-O-O Be7 14. Qe3 Qc8 15.
e6 Bxe6 16. Be5 f6 17. Bf4 Kf7 18. h3 h5 19. hxg4 Bxg4 20. Nd5 Bd6 21. Nxc7
Bxc7 22. Bc4+ Kg7 23. Rd5 Bxf4 24. Qxf4 Nge7 25. Rc5 Ng6 26. Qd2 Qc7 27. Rg1
Rad8 28. Qc3 Qe7 29. Bd3 Qe3+ 0-1

[Event "SR 1. liga zapad 2015/2016"]
[Site "?"]
[Date "2015.11.14"]
[Round "3.7"]
[White "Arendas, Marek"]
[Black "Kovac, Andrej"]
[Result "0-1"]
[WhiteElo "2153"]
[BlackElo "2179"]
[PlyCount "44"]
[EventDate "2015.??.??"]

1. e4 e6 2. d4 d5 3. exd5 exd5 4. Bd3 Nc6 5. c3 Bd6 6. Ne2 Nge7 7. Bf4 Bg4 8.
Bg3 h5 9. f3 Bf5 10. Qc2 Bxd3 11. Qxd3 h4 12. Bxd6 Qxd6 13. Nd2 O-O-O 14. O-O-O
Rde8 15. g3 g6 16. g4 g5 17. f4 gxf4 18. Qf3 Ng6 19. Rdf1 Re3 20. Qf2 Rhe8 21.
Nxf4 Nxf4 22. Qxf4 Re1+ 0-1

[Event "SR 1. liga zapad 2015/2016"]
[Site "?"]
[Date "2015.11.14"]
[Round "3.8"]
[White "Valent, Ivan"]
[Black "Stetina, Erik"]
[Result "1-0"]
[WhiteElo "2218"]
[BlackElo "2018"]
[PlyCount "115"]
[EventDate "2015.??.??"]

1. e4 e5 2. Nf3 Nc6 3. Bb5 a6 4. Ba4 Nf6 5. O-O Be7 6. Re1 b5 7. Bb3 d6 8. c3
O-O 9. h3 Bb7 10. d4 Re8 11. Nbd2 exd4 12. cxd4 Na5 13. Bc2 Bf8 14. b3 g6 15.
Bb2 Bg7 16. Rc1 Nc6 17. Bb1 Rc8 18. Re2 Qd7 19. Qe1 Nh5 20. Rd1 Nf4 21. Re3
Rcd8 22. Nf1 Ne7 23. Bc3 d5 24. Ne5 Qc8 25. Rf3 Bxe5 26. dxe5 Ne6 27. Rfd3 Nc5
28. R3d2 dxe4 29. Ng3 Nd5 30. Bxe4 Nxc3 31. Bxb7 Nxb7 32. Rxd8 Rxd8 33. Rxd8+
Qxd8 34. Qxc3 c5 35. Qf3 Qc7 36. Qd5 c4 37. bxc4 bxc4 38. Ne4 Nd8 39. Kf1 Ne6
40. Nf6+ Kh8 41. Qa8+ Nd8 42. Ne4 Kg7 43. Qxa6 Qxe5 44. Qxc4 Ne6 45. g3 Nd4 46.
Nd2 h5 47. h4 Nf5 48. Nf3 Qa1+ 49. Kg2 Qb2 50. Qb3 Qe2 51. a4 Qe4 52. Qc3+ Kh7
53. a5 Qa8 54. Qc5 Kg7 55. Qb6 g5 56. hxg5 h4 57. Qf6+ Kg8 58. Qxf5 1-0

[Event "SR 1. liga zapad 2015/2016"]
[Site "?"]
[Date "2015.11.15"]
[Round "4.1"]
[White "Vass, Frantisek Ml"]
[Black "Motuz, Karol"]
[Result "1/2-1/2"]
[WhiteElo "2307"]
[BlackElo "2328"]
[PlyCount "88"]
[EventDate "2015.??.??"]

1. d4 e6 2. c4 f5 3. g3 Nf6 4. Bg2 c6 5. c5 b6 6. b4 a5 7. Qa4 Ba6 8. Nc3 axb4
9. Qxb4 bxc5 10. dxc5 Nd5 11. Nxd5 cxd5 12. Bb2 Nc6 13. Qd2 Bc4 14. Bf3 Qa5 15.
Bh5+ Kd8 16. Bc3 Qxc5 17. Nf3 Ra3 18. Bb2 Be7 19. Bxg7 Rg8 20. Bb2 Ra4 21. O-O
Kc7 22. Rfc1 Bd6 23. e3 Qa5 24. Bc3 Qa6 25. Nd4 Ra8 26. Rc2 Nb4 27. Rb2 Nxa2
28. Rab1 Nxc3 29. Qxc3 Ra3 30. Nxe6+ dxe6 31. Qg7+ Kc6 32. Rb7 Ra1 33. Be8+
Rxe8 34. Qd7+ Kc5 35. Qxe8 Rxb1+ 36. Rxb1 e5 37. Qd7 f4 38. gxf4 exf4 39. Qg7
fxe3 40. fxe3 Kc6 41. Qxh7 Qc8 42. Qg7 Bc5 43. Qf6+ Bd6 44. Qg7 Bc5 1/2-1/2

[Event "SR 1. liga zapad 2015/2016"]
[Site "?"]
[Date "2015.11.15"]
[Round "4.2"]
[White "Jakubek, Peter"]
[Black "Maros, Milan"]
[Result "1/2-1/2"]
[WhiteElo "2197"]
[BlackElo "2341"]
[PlyCount "47"]
[EventDate "2015.??.??"]

1. d4 d5 2. Bf4 c5 3. e4 Nc6 4. Nc3 cxd4 5. Nxd5 e5 6. Bd2 Nf6 7. Nxf6+ Qxf6 8.
Nf3 Bc5 9. Bc4 O-O 10. O-O Be6 11. Bxe6 Qxe6 12. Ne1 Rac8 13. Nd3 Bb6 14. a4 a6
15. Ra3 Qe7 16. Qg4 Rc7 17. f4 f5 18. Qf3 fxe4 19. Qxe4 exf4 20. Rxf4 Rxf4 21.
Qxf4 Rc8 22. Ra1 Rf8 23. Re1 Qxe1+ 24. Nxe1 1/2-1/2

[Event "SR 1. liga zapad 2015/2016"]
[Site "?"]
[Date "2015.11.15"]
[Round "4.3"]
[White "Ondrus, Martin"]
[Black "Obona, Jan"]
[Result "1-0"]
[WhiteElo "2292"]
[BlackElo "2205"]
[PlyCount "55"]
[EventDate "2015.??.??"]

1. e4 c5 2. Nf3 d6 3. d4 cxd4 4. Nxd4 Nf6 5. Nc3 a6 6. Be3 e5 7. Nb3 Be6 8. f3
Be7 9. Qd2 Nbd7 10. g4 O-O 11. O-O-O b5 12. g5 b4 13. Ne2 Ne8 14. f4 a5 15. f5
a4 16. fxe6 axb3 17. exf7+ Rxf7 18. Kb1 Rxa2 19. Nc1 Qa8 20. Nxb3 Rf3 21. Bb5
Nc5 22. Bxc5 dxc5 23. Qd5+ Qxd5 24. Rxd5 Ra8 25. Rxe5 Nd6 26. Bc6 Ra7 27. Rxe7
Rxe7 28. e5 1-0

[Event "SR 1. liga zapad 2015/2016"]
[Site "?"]
[Date "2015.11.15"]
[Round "4.4"]
[White "Kukucka, Matej"]
[Black "Kalisky, Vladimir"]
[Result "1/2-1/2"]
[WhiteElo "2124"]
[BlackElo "2257"]
[PlyCount "51"]
[EventDate "2015.??.??"]

1. d4 d5 2. c4 c5 3. cxd5 Qxd5 4. Nf3 cxd4 5. Nc3 Qa5 6. Nxd4 Nf6 7. g3 e5 8.
Nb3 Qc7 9. Bg2 Bb4 10. Bd2 O-O 11. Rc1 Nc6 12. O-O Rd8 13. Qc2 Be6 14. Bg5 Rac8
15. Ne4 Qe7 16. Qb1 h6 17. Nxf6+ gxf6 18. Bxh6 a5 19. Be3 Nd4 20. Nxd4 exd4 21.
Bh6 Bg4 22. Rxc8 Rxc8 23. Bd5 Kh8 24. Bf3 Bxf3 25. exf3 Qe6 26. Qd3 1/2-1/2

[Event "SR 1. liga zapad 2015/2016"]
[Site "?"]
[Date "2015.11.15"]
[Round "4.5"]
[White "Skreno, Vladimir"]
[Black "Chovanec, Milan"]
[Result "1-0"]
[WhiteElo "2258"]
[BlackElo "2143"]
[PlyCount "119"]
[EventDate "2015.??.??"]

1. d4 d5 2. Nf3 Nc6 3. Bf4 Bf5 4. e3 e6 5. a3 Bd6 6. Bxd6 cxd6 7. c4 dxc4 8.
Bxc4 d5 9. Bb5 Nge7 10. Nc3 O-O 11. O-O Rc8 12. Rc1 a6 13. Bxc6 Nxc6 14. b4 Bg4
15. Nb1 Bxf3 16. Qxf3 Ne7 17. Nd2 Nf5 18. Qe2 Nd6 19. Rc5 b6 20. Rcc1 b5 21.
Rc5 Nb7 22. Rcc1 Nd6 23. Nb3 Nc4 24. Nc5 Ra8 25. Ra1 Ra7 26. a4 Qb6 27. a5 Qd6
28. Rad1 Rd8 29. Rfe1 Qe7 30. f3 h6 31. Qf2 Raa8 32. Rd3 Nd6 33. Rc1 Nc4 34.
Qg3 Qd6 35. f4 Qe7 36. Qf3 Nd6 37. Rdc3 Rdc8 38. h3 Rc6 39. Qg4 f5 40. Qg6 Rac8
41. Qh5 Qe8 42. Qh4 Nb7 43. Kh2 Nxc5 44. Rxc5 Rxc5 45. Rxc5 Rxc5 46. dxc5 e5
47. fxe5 Qxe5+ 48. Qf4 Qe6 49. Qb8+ Kh7 50. Qf4 g5 51. Qd4 h5 52. Qc3 Qc6 53.
Qe5 Kg6 54. Qb8 Kf7 55. Qe5 Kg6 56. h4 gxh4 57. Kh3 Qd7 58. Kxh4 Qd8+ 59. Kh3
Qg5 60. Qg3 1-0

[Event "SR 1. liga zapad 2015/2016"]
[Site "?"]
[Date "2015.11.15"]
[Round "4.6"]
[White "Kvassay, Peter"]
[Black "Szucs, Vladimir"]
[Result "1/2-1/2"]
[WhiteElo "2016"]
[BlackElo "2164"]
[PlyCount "116"]
[EventDate "2015.??.??"]

1. e4 c5 2. Nf3 Nc6 3. d4 cxd4 4. Nxd4 g6 5. Be3 Nf6 6. f3 d5 7. Nc3 dxe4 8.
Nxc6 Qxd1+ 9. Rxd1 bxc6 10. Nxe4 Nxe4 11. fxe4 Bg7 12. b3 Be6 13. Ba6 O-O 14.
O-O Rfb8 15. Rd3 Be5 16. Rd2 Kg7 17. Bc5 Kf8 18. Be3 Bc7 19. h3 Bb6 20. Kf2 Rd8
21. Rfd1 Rxd2+ 22. Rxd2 Rb8 23. Ke2 Ke8 24. Bf4 Rd8 25. Bb7 Rxd2+ 26. Kxd2 Kd7
27. c3 a5 28. c4 Bc5 29. Kc3 f6 30. Ba6 Bf7 31. Bc1 g5 32. a3 Bg6 33. b4 axb4+
34. axb4 Bf2 35. Kd3 Be1 36. b5 c5 37. b6 Kc6 38. b7 Bg3 39. Be3 Kb6 40. Bb5
Bd6 41. Bd7 Kxb7 42. Bf5 Kc6 43. g4 Bg3 44. Bg1 Kd6 45. Be3 e6 46. Bxg6 hxg6
47. Bg1 f5 48. exf5 gxf5 49. gxf5 exf5 50. Be3 Bh4 51. Bg1 Be1 52. Be3 f4 53.
Bg1 Bb4 54. Ke4 Ke6 55. h4 gxh4 56. Kxf4 Kd6 57. Kg4 Be1 58. Be3 Kc6 1/2-1/2

[Event "SR 1. liga zapad 2015/2016"]
[Site "?"]
[Date "2015.11.15"]
[Round "4.7"]
[White "Horvath, Marian"]
[Black "Magerciak, Roman"]
[Result "1-0"]
[WhiteElo "2164"]
[BlackElo "1962"]
[PlyCount "91"]
[EventDate "2015.??.??"]

1. c4 e5 2. Nc3 Nf6 3. g3 d5 4. cxd5 Nxd5 5. Bg2 Be6 6. Nf3 Nc6 7. O-O Be7 8.
d4 exd4 9. Nxd4 Nxd4 10. Nxd5 Bxd5 11. Qxd4 Bxg2 12. Qxd8+ Rxd8 13. Kxg2 O-O
14. Be3 Bf6 15. Rab1 Rfe8 16. Kf3 Bd4 17. Bf4 Be5 18. Be3 Bd4 19. Rfd1 Bxe3 20.
Rxd8 Rxd8 21. Kxe3 Kf8 22. Rc1 c6 23. Rc4 f6 24. Rh4 h6 25. Ra4 a6 26. Rb4 b5
27. Rd4 Re8+ 28. Kd3 c5 29. Rd6 c4+ 30. Kd2 Ra8 31. Kc3 Re8 32. e3 Ke7 33. Rxa6
Rd8 34. Ra7+ Kf8 35. Kc2 Rd5 36. Ra5 Rh5 37. Kd2 Rd5+ 38. Ke2 Rh5 39. a4 Rxh2
40. Rxb5 Rh1 41. a5 g5 42. g4 Kf7 43. Kd2 Rf1 44. Kc3 Rxf2 45. a6 Rf1 46. Ra5
1-0

[Event "SR 1. liga zapad 2015/2016"]
[Site "?"]
[Date "2015.11.15"]
[Round "4.8"]
[White "Michalek, Matej"]
[Black "Pinter, Patrik"]
[Result "1/2-1/2"]
[WhiteElo "1939"]
[BlackElo "2146"]
[PlyCount "73"]
[EventDate "2015.??.??"]

1. e4 g6 2. Nc3 Bg7 3. Bc4 c5 4. f4 Nc6 5. Nf3 e6 6. O-O Nge7 7. d3 d5 8. Bb5
O-O 9. Bxc6 Nxc6 10. e5 f6 11. Qe2 a6 12. a4 Qc7 13. Re1 Bd7 14. Nd1 fxe5 15.
fxe5 Rxf3 16. gxf3 Nd4 17. Qg2 Bxe5 18. f4 Bxf4 19. Bxf4 Qxf4 20. Rf1 Qd6 21.
Ne3 Nf5 22. Ng4 Rf8 23. Rae1 Bxa4 24. Ne5 Be8 25. Qg4 Kg7 26. h4 b5 27. h5 d4
28. hxg6 hxg6 29. Qf4 Rh8 30. Rf2 Rh5 31. Rg2 Qd5 32. Qg4 Rh6 33. Qg5 Rh5 34.
Qg4 Rh6 35. Qg5 Rh5 36. Qg4 Rh6 37. Qg5 1/2-1/2

[Event "SR 1. liga zapad 2015/2016"]
[Site "?"]
[Date "2015.11.15"]
[Round "4.1"]
[White "Pacher, Milan"]
[Black "Veres, Andrej"]
[Result "0-1"]
[WhiteElo "2504"]
[BlackElo "2179"]
[PlyCount "80"]
[EventDate "2015.??.??"]

1. e4 e5 2. Nf3 Nc6 3. Bb5 a6 4. Ba4 Nf6 5. O-O Be7 6. d3 b5 7. Bb3 d6 8. a3
O-O 9. Nc3 h6 10. h3 Be6 11. Nd5 Na5 12. Nxf6+ Bxf6 13. Bxe6 fxe6 14. b4 Nb7
15. c3 Qd7 16. Be3 d5 17. Re1 Rfe8 18. Qb3 Qc6 19. a4 a5 20. bxa5 bxa4 21. Rxa4
Nxa5 22. Qa2 Nc4 23. Ra1 Rxa4 24. Qxa4 Qxa4 25. Rxa4 Nb2 26. Ra5 Nxd3 27. exd5
e4 28. Nd4 exd5 29. Rxd5 c5 30. Nb5 Ra8 31. g4 Ra1+ 32. Kg2 Bh4 33. Rxd3 exd3
34. Kf3 Ra2 35. c4 Bxf2 36. Bxf2 d2 37. Nc3 Ra3 38. Ke2 Rxc3 39. Bxc5 Rxh3 40.
Kxd2 Rg3 0-1

[Event "SR 1. liga zapad 2015/2016"]
[Site "?"]
[Date "2015.11.15"]
[Round "4.2"]
[White "Borik, Juraj"]
[Black "Chovan, Milan Ml"]
[Result "1/2-1/2"]
[WhiteElo "2186"]
[BlackElo "2249"]
[PlyCount "62"]
[EventDate "2015.??.??"]

1. d4 Nf6 2. Nf3 g6 3. Bf4 Bg7 4. Nbd2 c5 5. e3 d6 6. h3 O-O 7. Be2 Nc6 8. O-O
Nh5 9. Bh2 cxd4 10. Nxd4 Nf6 11. c3 Bd7 12. Re1 Ne8 13. Nc2 Rb8 14. a4 a6 15.
Na3 Nc7 16. Rc1 b5 17. axb5 axb5 18. b4 Rb6 19. Nab1 e5 20. Ne4 d5 21. Nc5 Bc8
22. Qb3 Ne6 23. Rcd1 Ne7 24. Na3 Bd7 25. e4 d4 26. Nxd7 Qxd7 27. c4 bxc4 28.
Nxc4 Rb5 29. Ne3 Rb7 30. Nd5 Nxd5 31. exd5 Nf4 1/2-1/2

[Event "SR 1. liga zapad 2015/2016"]
[Site "?"]
[Date "2015.11.15"]
[Round "4.3"]
[White "Jancovic, Peter"]
[Black "Kovacik, Emil"]
[Result "0-1"]
[WhiteElo "2178"]
[BlackElo "2164"]
[PlyCount "124"]
[EventDate "2015.??.??"]

1. d4 d5 2. c4 dxc4 3. Nc3 e5 4. e3 exd4 5. exd4 Nf6 6. Bxc4 Bd6 7. Qe2+ Qe7 8.
Bg5 O-O 9. Qxe7 Bxe7 10. Nge2 a6 11. O-O b5 12. Nd5 Bd8 13. Bxf6 gxf6 14. Bd3
c6 15. Ne3 Re8 16. a4 b4 17. Rac1 a5 18. Ng3 Ba6 19. Rfd1 Bxd3 20. Rxd3 Ra7 21.
Nh5 Kf8 22. d5 Rd7 23. Ng4 Rd6 24. Rf3 Nd7 25. dxc6 Rxc6 26. Rf1 Ne5 27. Nxe5
fxe5 28. Ng3 Rc2 29. b3 e4 30. Re3 Bb6 31. Rxe4 Rxe4 32. Nxe4 Rb2 33. g4 Rxb3
34. Rc1 Ra3 35. Rc6 Bd8 36. Nc5 Be7 37. Nd7+ Kg7 38. Nb6 Bd8 39. Nd5 Rxa4 40.
Rd6 Bh4 41. f4 Ra2 42. g5 b3 43. Ne7 Bf2+ 44. Kf1 f5 45. Nxf5+ Kf7 46. Rf6+ Ke8
47. Nd6+ Ke7 48. Nc4 Bd4 49. Rh6 Rf2+ 50. Ke1 Rxf4 51. Rxh7+ Ke6 52. Kd2 Kd5
53. Nxa5 b2 54. Rb7 Rf1 55. Rb5+ Ke4 56. Nc6 b1=Q 57. Rxb1 Rxb1 58. Nxd4 Kxd4
59. h4 Rb2+ 60. Ke1 Rh2 61. g6 Rxh4 62. g7 Rg4 0-1

[Event "SR 1. liga zapad 2015/2016"]
[Site "?"]
[Date "2015.11.15"]
[Round "4.4"]
[White "Pupak, Tomas"]
[Black "Briestenska, Andrea"]
[Result "1/2-1/2"]
[WhiteElo "2045"]
[BlackElo "1964"]
[PlyCount "63"]
[EventDate "2015.??.??"]

1. Nf3 Nf6 2. g3 g6 3. b4 Bg7 4. Bb2 O-O 5. Bg2 d6 6. O-O e5 7. d3 Ne8 8. e4 a5
9. b5 Nd7 10. d4 Qe7 11. dxe5 Nxe5 12. Nxe5 Bxe5 13. Bd4 Bxd4 14. Qxd4 Qe5 15.
Qxe5 dxe5 16. Na3 Nd6 17. c4 b6 18. c5 bxc5 19. Rfc1 Nb7 20. Nc4 f6 21. Nb2 Be6
22. Na4 c4 23. Bf1 Rab8 24. Rab1 Rfd8 25. Bxc4 Bxc4 26. Rxc4 Nd6 27. Rxc7 Rxb5
28. Rd1 Rb4 29. Nc5 Rd4 30. Rxd4 exd4 31. Ne6 Re8 32. Nxd4 1/2-1/2

[Event "SR 1. liga zapad 2015/2016"]
[Site "?"]
[Date "2015.11.15"]
[Round "4.5"]
[White "Stehlik, Peter"]
[Black "Podoba, Milan"]
[Result "1/2-1/2"]
[WhiteElo "2010"]
[BlackElo "2077"]
[PlyCount "71"]
[EventDate "2015.??.??"]

1. Nf3 Nf6 2. b3 g6 3. Bb2 Bg7 4. e3 O-O 5. c4 c5 6. Be2 Nc6 7. O-O d6 8. Nc3
Bf5 9. d3 a6 10. Qd2 Qa5 11. Nh4 Bd7 12. f4 Ng4 13. Bxg4 Bxg4 14. f5 Bf6 15.
fxg6 fxg6 16. Nf3 Ne5 17. Nxe5 Bxe5 18. Qc2 Rxf1+ 19. Rxf1 Rf8 20. Ra1 Qd8 21.
Ne4 Bxb2 22. Qxb2 Qd7 23. Rf1 Rxf1+ 24. Kxf1 Bf5 25. Nf2 g5 26. Qe2 Qe6 27. Qf3
Bg6 28. Qxb7 Qxe3 29. Qxa6 Bxd3+ 30. Nxd3 Qxd3+ 31. Kf2 Qd2+ 32. Kf1 Qf4+ 33.
Kg1 Qe3+ 34. Kf1 Qf4+ 35. Kg1 Qe3+ 36. Kf1 1/2-1/2

[Event "SR 1. liga zapad 2015/2016"]
[Site "?"]
[Date "2015.11.15"]
[Round "4.6"]
[White "Bombek, Peter"]
[Black "Hlavina, Lubomir Ml"]
[Result "1-0"]
[WhiteElo "2145"]
[BlackElo "1954"]
[PlyCount "103"]
[EventDate "2015.??.??"]

1. d4 d5 2. Nf3 Nf6 3. e3 c6 4. c4 e6 5. Nbd2 Nbd7 6. Bd3 Bd6 7. e4 dxe4 8.
Nxe4 Nxe4 9. Bxe4 Nf6 10. Bc2 O-O 11. O-O c5 12. Bg5 cxd4 13. Qd3 g6 14. Qxd4
Be7 15. Qh4 h6 16. Qxh6 Nh7 17. h4 Bxg5 18. Nxg5 Nxg5 19. hxg5 Qd4 20. b3 b6
21. Rad1 Qg7 22. Qxg7+ Kxg7 23. Be4 Rb8 24. Rfe1 Rh8 25. Bf3 Re8 26. Bc6 Rh8
27. f4 Rf8 28. g3 Bb7 29. Bxb7 Rxb7 30. Rd6 Rfb8 31. Red1 Kf8 32. Rd7 Ke8 33.
Rxb7 Rxb7 34. Kf2 Ke7 35. Ke3 Rb8 36. Rd3 Rh8 37. b4 a5 38. bxa5 bxa5 39. Rb3
Rh2 40. Ra3 Rg2 41. Kd4 Kd6 42. Rxa5 Rxg3 43. c5+ Kc6 44. Ra7 Rg2 45. Rxf7 Rxa2
46. Re7 Ra4+ 47. Ke5 Kxc5 48. Rxe6 Ra1 49. Rxg6 Re1+ 50. Kf5 Kd5 51. Rg8 Kd6
52. Rg7 1-0